000 00330nam a22001457a 4500
003 SGT
082 _a340,RAO
100 _aRAO,S BHAGIRATHA,E.L.
245 _aMARRIAGE LAWS & FAMILY COURTS ACT
250 _a7TH
260 _aHYDERABAD
_bASIA LAW HOUSE
_c2009
300 _a472
650 _a FAMILY COURTS ACT
942 _2ddc
_cBK
999 _c10480
_d10480